Home Print Resources E-Books E-Journals IIMT Lecture Series Library Membership Form Book Recommendation Form Campus Tour Take AdmissionAbout Us Contact Us

MANAGEMENT ACCOUNTING (Record no. 52869)

000 -LEADER
fixed length control field 00376nam a22001577a 4500
003 - CONTROL NUMBER IDENTIFIER
control field OSt
005 - DATE AND TIME OF LATEST TRANSACTION
control field 20240307102011.0
008 - FIXED-LENGTH DATA ELEMENTS--GENERAL INFORMATION
fixed length control field 220706b xxu||||| |||| 00| 0 eng d
020 ## - INTERNATIONAL STANDARD BOOK NUMBER
International Standard Book Number 978-9325969247
040 ## - CATALOGING SOURCE
Transcribing agency IIMT UNIVERSITY, MEERUT
100 ## - MAIN ENTRY--PERSONAL NAME
Personal name SAHAF, MA
245 ## - TITLE STATEMENT
Title MANAGEMENT ACCOUNTING
260 ## - PUBLICATION, DISTRIBUTION, ETC.
Place of publication, distribution, etc. VIKAS PUB.
Name of publisher, distributor, etc. NEW DELHI
Date of publication, distribution, etc. 2012
300 ## - PHYSICAL DESCRIPTION
Extent 625
942 ## - ADDED ENTRY ELEMENTS (KOHA)
Source of classification or shelving scheme
Koha item type Book Bank
Holdings
Withdrawn status Lost status Source of classification or shelving scheme Damaged status Not for loan Home library Current library Date acquired Cost, normal purchase price Barcode Date last seen Price effective from Koha item type Public note
          IIMT University Central Library Meerut IIMT University Central Library Meerut 07/06/2022 657.00 01-B-4995 07/06/2022 07/06/2022 Write off IGNOU Study Material
          IIMT University Central Library Meerut IIMT University Central Library Meerut 07/06/2022 657.00 01-B-4996 07/06/2022 07/06/2022 Write off IGNOU study material
IIMT, Central Library. All Rights Reserved IIMT,UNIVERSITY © 2023
Implemented and Customised by I CLOUDE EMS
You Are OPAC Visitor No
free web counter

Powered by Koha